| 000 | 00498nam a22001937a 4500 | ||
|---|---|---|---|
| 003 | OSt | ||
| 005 | 20140310181803.0 | ||
| 008 | 130703t xxu||||| |||| 00| 0 eng d | ||
| 020 | _a9780007299454 | ||
| 050 |
_aPE 1628 _b.C712 2009 |
||
| 082 |
_aREF 423 _bC69 2009 |
||
| 245 |
_aCollins compact English dictionary : _bin colour / |
||
| 260 |
_aGlasgow : _bHarperCollins, _cc2009. |
||
| 300 |
_a1220 p. _c18 cm. |
||
| 521 | _a | ||
| 541 | _j1 | ||
| 562 | _e1 | ||
| 942 |
_2lcc _cBK-GR _kREF |
||
| 999 |
_c3677 _d3677 |
||